| 000 | 01075nam a22002777a 4500 | ||
|---|---|---|---|
| 005 | 20111101103521.0 | ||
| 008 | 111101t xxu||||| |||| 00| 0 eng d | ||
| 010 | _aENG-104003 | ||
| 020 |
_a9788120344471 _c250.00 |
||
| 035 | _aEN-87536 | ||
| 037 | _bDBAD/PUB | ||
| 040 |
_aDPL _bEng |
||
| 082 | _a320.954 | ||
| 100 | 1 |
_aSingh, M.P. _935622 |
|
| 245 | 1 | 0 |
_aIndian politics : _bconstitutional foundations and institutional functioning / _cby M.P. Singh [and] Rekha Saxena |
| 250 | _a2nd ed | ||
| 260 |
_aNew Delhi _bPHI Learning _c2011 |
||
| 270 |
_aM-97, Connaught Circus _bNew Delhi _e110001 |
||
| 300 |
_axvi,376p. _c24cm (pbk) |
||
| 500 | _aIncludes bibliographical references and index | ||
| 650 | 0 | _935623 | |
| 700 |
_aSaxena, Rekha _935626 |
||
| 942 |
_2ddc _cEN _h320.954 _mSIN |
||
| 999 |
_c57939 _d57939 |
||